LEADER 01426nam a2200265 4500 001 000000352714 003 CaOOAMICUS 005 20230117135714.0 008 230117s1785 it 000 u lat r 026 $epoTI M.UM m.ad CXmi (3) 1785 (R) 040 $aSeMil$bita 100 11$aVisconti, Filippo .$0(OLS)http://semarc/name/71385 245 10$aPhilippo Vicecomiti lectissimo M. E. archiepiscopo Collegii Helvetici patrono amplissimo se, suasque propugnandas theologicas theses Petrus Andres vallesianus alumnus et academicus hypheliomachus D. D. D. 264 1$aMediolani :$bApud Federicum Agnelli regium typographum,$c1785. 300 $a[1], 6, [4], XXI, [1] p. ;$cfol. 500 $aVignetta xilogr. sul front. 500 $aCors. ; rom. 500 $aIniziale xilogr. 500 $aSegn.: ?1 *? A-B? 700 1 $aAgnelli, Federico$b<2.,$cEditore>.$0(OLS)http://semarc/name/12614 850 $aSeMil 852 $aSeMil$W1$xVenegono$y1$m3Z VI 2/37 FA$j236470$B243935$CSeMilBibl$Z2$F243935 $8I 996 $6245$aPhilippo Vicecomiti lectissimo M. E. archiepiscopo Collegii Helvetici patrono amplissimo se, suasque propugnandas theologicas theses Petrus Andres vallesianus alumnus et academicus hypheliomachus D. D. D.$9(OLS)http://semarc/title/442619 996 $6264$aMediolani :$bApud Federicum Agnelli regium typographum$9(OLS)http://semarc/publisher/60812 LEADER 00910nam a2200229 i 4500 001 000000182754 003 CaOOAMICUS 005 20091030000000.0 008 091030s1953 it u000 u ita u 013 $a160715 040 $aSeMil$bita 100 1 $aFrance, Anatole,$d<1844-1924>.$0(OLS)http://semarc/name/1142 245 13$aIl delitto dell'accademico Silvestro Bonnard /$cAnatole France. 260 $aMilano :$bRizzoli,$c1953. 300 $a168 p. ;$c16 cm. 490 0 $aBiblioteca Universale Rizzoli ;$v628.-629 830 0$aBiblioteca Universale Rizzoli ;$v628.-629.$0(OLS)http://semarc/title/7348 850 $aSeMil 852 $aSeMil$W1$xVenegono$y1$m1E II 35$j133458$B133458$CSeMilBibl$Z2$F145389 $81 961 $aOmaggio: Altro 996 $6245$aIl delitto dell'accademico Silvestro Bonnard$9(OLS)http://semarc/title/262218 996 $6260$aMilano :$bRizzoli$9(OLS)http://semarc/publisher/29824 LEADER 00699nam a2200181 i 4500 001 000000056850 003 CaOOAMICUS 005 19970915000000.0 008 970915n it u000 u ita u 013 $a28022 040 $aSeMil$bita 100 1 $aOngaro, Giovanni.$0(OLS)http://semarc/name/28814 245 10$aSalterio veronese e revisione agostiniana. 650 4$aTesi di laurea.$0(OLS)http://semarc/subject/1690 650 4$aLiturgia delle ore - Rito romano - Storia.$0(OLS)http://semarc/subject/6873 850 $aSeMil 852 $aSeMil$W1$xVenegono$y1$m2I IV 541$j23004$B23004$CSeMilBibl$Z2$F23006 $81 996 $6245$aSalterio veronese e revisione agostiniana$9(OLS)http://semarc/title/88433